A computational introduction to number theory and algebra
Αποθηκεύτηκε σε:
| Κύριος συγγραφέας: | |
|---|---|
| Μορφή: | Βιβλίο |
| Γλώσσα: | English |
| Δημοσίευση: |
Cambridge ; New York :
Cambridge University Press,
2006, c2005.
|
| Έκδοση: | 1st ed., Repr. |
| Θέματα: | |
| Ετικέτες: |
Προσθήκη ετικέτας
Δεν υπάρχουν, Καταχωρήστε ετικέτα πρώτοι!
|
MARC
| LEADER | 00000cam a2200000 i 4500 | ||
|---|---|---|---|
| 001 | 1/80128 | ||
| 008 | 080403s20052006enk| ||| |||| ||eng|| | ||
| 020 | |a 0521851548 | ||
| 035 | |l 10096136 | ||
| 040 | |a GR-MyUa |b gre |e AACR2 | ||
| 041 | 0 | |a eng | |
| 082 | 7 | |a 004.0151 |2 (22) | |
| 100 | 1 | |a Shoup, Victor. | |
| 245 | 1 | 2 | |a A computational introduction to number theory and algebra / |c Victor Shoup. |
| 250 | |a 1st ed., Repr. | ||
| 260 | |a Cambridge ; |a New York : |b Cambridge University Press, |c 2006, c2005. | ||
| 300 | |a xvi, 517 σ. : |b εικ. ; |c 26 εκ. | ||
| 504 | |a Περιέχει βιβλιογραφικές παραπομπές (σ. 504-509) και ευρετήριο. | ||
| 650 | 0 | |a Number theory |x Data processing. | |
| 767 | 0 | 8 | |i Μεταφρασμένο ως: |t Μία υπολογιστική εισαγωγή στη θεωρία αριθμών και την άλγεβρα / |
| 852 | |a INST |b SAMOS |e 20080403 |h 004.0151 SHO |p 005300026623 |q 005300026623 |t BK |y 0 | ||
| 901 | |a BIBL3-2008-1 | ||
| 922 | |a 3ΕΛΗ |b 200712 |c ΕΠΕΑΕΚ2/Τμήμα Μαθηματικών |d Ελευθερουδάκης | ||
| 970 | |a Ρούσσου |b Κωνσταντίνα |z 2008/04/03 | ||